000 00467nam a2200205Ia 4500
999 _c93051
_d93051
003 0100
005 20190801123552.0
008 130307s9999 xx 000 0 und d
020 _a0850317452
040 _cARRUPELIB
050 _aHQ1800.W66 1987
245 _aWomen in southern Africa
260 _aLondon
_bAllison and Busby
_c1987
300 _a256p.
300 _b21cm.
650 _aWomen
_xSocial conditions
_zAfrica, Southern
_926983
650 _aWomen
_xBiography
_zAfrica, Southern
_947731
650 _aWomen in public life
_zAfrica, Southern
_947733
700 _aQunta, Christine N. (ed.)
_947732
942 0 0 _01
_2lcc
_cMONOGRAPH